100 Biggest Cities in Australia - Statistics

General Stats
  • This quiz has been taken 117 times
    35 since last reset
  • The average score is 45 of 100
Answer Stats
Rank Population Answer % Correct
1 5,245,182 Melbourne
100%
4 2,363,562 Perth
100%
2 5,143,256 Sydney
100%
5 1,449,366 Adelaide
97%
3 2,693,649 Brisbane
97%
8 510,641 Canberra
94%
6 750,997 Gold Coast
94%
13 233,592 Hobart
91%
17 138,567 Darwin
84%
7 534,033 Newcastle
84%
51 29,693 Alice Springs
81%
15 163,214 Cairns
81%
11 318,258 Wollongong
75%
12 308,915 Geelong
72%
9 417,982 Sunshine Coast
72%
14 189,356 Townsville
72%
16 152,087 Toowoomba
63%
18 119,284 Ballarat
56%
10 351,237 Central Coast
56%
21 93,194 Launceston
56%
99 11,244 Byron Bay
50%
38 42,977 Orange
50%
23 82,876 Rockhampton
50%
20 101,370 Albury-Wodonga
47%
19 106,022 Bendigo
47%
84 16,238 Broome
47%
25 78,626 Bundaberg
47%
26 76,479 Coffs Harbour
47%
96 12,515 Esperance
47%
41 41,450 Geraldton
47%
22 89,193 Mackay
47%
35 45,878 Tamworth
47%
59 24,386 Armidale
44%
43 38,642 Bathurst
44%
24 82,626 Bunbury
44%
40 42,112 Dubbo
44%
30 54,510 Mildura
44%
74 18,356 Mount Isa
44%
92 14,114 Port Augusta
44%
79 17,044 Port Lincoln
44%
31 52,661 Port Macquarie
44%
28 57,963 Wagga Wagga
44%
76 17,541 Broken Hill
41%
32 48,021 Gladstone
41%
67 20,690 Griffith
41%
27 62,184 Hervey Bay
41%
73 19,051 Karratha
41%
55 27,983 Lismore
41%
71 19,710 Murray Bridge
41%
80 17,007 Port Hedland
41%
29 55,212 Shepparton-Mooropna
41%
45 36,496 Warrnambool
41%
83 16,280 Airlie Beach-Cannonvale
38%
33 47,844 Ballina
38%
75 17,722 Batemans Bay
38%
53 28,684 Burnie
38%
36 44,881 Busselton
38%
46 32,932 Devonport
38%
70 19,720 Grafton
38%
60 24,017 Gympie
38%
47 30,719 Kalgoorlie-Boulder
38%
42 40,056 Nowra-Bomaderry
38%
100 11,178 Portland
38%
56 26,812 Taree
38%
50 30,324 Victor Harbor-Goolwa
38%
65 21,764 Whyalla
38%
64 22,120 Yeppoon
38%
44 37,571 Albany
34%
66 21,198 Forster-Tuncurry
34%
48 30,663 Mount Gambier
34%
93 12,796 Mudgee
34%
91 14,181 Port Pirie
34%
37 44,013 Traralgon-Morwell
34%
57 26,576 Bacchus Marsh
31%
90 15,182 Emerald
31%
58 25,304 Goulburn
31%
85 16,232 Kempsey
31%
54 28,598 Maryborough
31%
95 12,611 Muswellbrook
31%
52 28,834 Nelson Bay
31%
77 17,447 Singleton
31%
78 17,435 Ulladulla
31%
69 20,069 Wangaratta
31%
87 15,790 Bairnsdale
28%
39 42,278 Bowral-Mittagong
28%
98 11,538 Castlemaine
28%
81 16,956 Horsham
28%
97 12,235 Lithgow
28%
68 20,356 St Georges Basin-Sanctuary Point
28%
88 15,409 Ulverstone
28%
34 46,710 Warragul-Drouin
28%
62 23,147 Echuca
25%
61 23,626 Gisborne
25%
49 30,459 Morisset-Cooranbong
25%
89 15,386 Sale
25%
86 16,156 Warwick
25%
63 22,449 Moe-Newborough
22%
94 12,660 Colac
19%
82 16,615 Medowie
19%
72 19,482 Camden Haven
13%
No matching quizzes found
Score Distribution
Percent of People with Each Score
Percentile by Number Answered
Your Score History
You have not taken this quiz since the last reset